| 000 | 00710nam a2200253Ia 4500 | ||
|---|---|---|---|
| 003 | OSt | ||
| 005 | 20221007104644.0 | ||
| 006 | a|||||r|||| 00| 0 | ||
| 007 | ta | ||
| 008 | 221006b |||||||| |||| 00| 0 eng d | ||
| 024 | _a16,477 | ||
| 037 | _cTextual | ||
| 040 |
_aLCO _cLCO _beng |
||
| 041 |
_2eng _aeng |
||
| 082 | _aZ3, M1 | ||
| 100 | _aRobson P. Ed. | ||
| 245 | 0 | _aJustice Lord Denning and the constitution | |
| 260 |
_aEngland _bGower Publishing Co. Ltd. U.K. _c1981 |
||
| 300 | _a253 | ||
| 650 |
_aJUSTICE LORD DENNING AND CONSTITUTION _9706204 |
||
| 700 |
_a Watchman P. Ed. _9706205 |
||
| 942 |
_hZ3, M1 _cTEXL |
||
| 999 |
_c1186040 _d1186040 |
||